Mom's house, dad's house : (Record no. 1534)
[ view plain ]
| 000 -LEADER | |
|---|---|
| fixed length control field | nam a22 7a 4500 |
| 005 - DATE AND TIME OF LATEST TRANSACTION | |
| control field | 20170509165904.0 |
| 008 - FIXED-LENGTH DATA ELEMENTS--GENERAL INFORMATION | |
| fixed length control field | 170509b1980 - ||||| |||| 00| 0 eng d |
| 020 ## - INTERNATIONAL STANDARD BOOK NUMBER | |
| International Standard Book Number | 0020777108 |
| 040 ## - CATALOGING SOURCE | |
| Original cataloging agency | AKMAL |
| 082 ## - DEWEY DECIMAL CLASSIFICATION NUMBER | |
| Classification number | 306.89 RIC |
| 090 ## - LOCALLY ASSIGNED LC-TYPE CALL NUMBER (OCLC); LOCAL CALL NUMBER (RLIN) | |
| Classification number (OCLC) (R) ; Classification number, CALL (RLIN) (NR) | 306.89 |
| Local cutter number (OCLC) ; Book number/undivided call number, CALL (RLIN) | RIC |
| 100 1# - MAIN ENTRY--PERSONAL NAME | |
| Personal name | Ricci, Isolina. |
| 9 (RLIN) | 3071 |
| 245 10 - TITLE STATEMENT | |
| Title | Mom's house, dad's house : |
| Remainder of title | making shared custody work / |
| Statement of responsibility, etc. | Isolina Ricci. |
| 250 ## - EDITION STATEMENT | |
| Edition statement | 1st Collier Books ed. |
| 260 ## - PUBLICATION, DISTRIBUTION, ETC. | |
| Place of publication, distribution, etc. | New York : |
| -- | London : |
| Name of publisher, distributor, etc. | Collier Books ; |
| -- | Collier Macmillan Publishers, |
| Date of publication, distribution, etc. | 1982, c1980 |
| 300 ## - PHYSICAL DESCRIPTION | |
| Extent | xv, 270 p. ; |
| Dimensions | 21cm |
| 500 ## - GENERAL NOTE | |
| General note | Includes index. |
| 504 ## - BIBLIOGRAPHY, ETC. NOTE | |
| Bibliography, etc. note | Bibliography: p. 264-266 |
| 650 #0 - SUBJECT ADDED ENTRY--TOPICAL TERM | |
| Topical term or geographic name entry element | Joint custody of children |
| Geographic subdivision | United States |
| 9 (RLIN) | 3072 |
| 942 ## - ADDED ENTRY ELEMENTS (KOHA) | |
| Source of classification or shelving scheme | |
| Koha item type | Book |
| Withdrawn status | Lost status | Source of classification or shelving scheme | Damaged status | Not for loan | Collection code | Home library | Current library | Shelving location | Date acquired | Inventory number | Total Checkouts | Full call number | Barcode | Date last seen | Price effective from | Koha item type |
|---|---|---|---|---|---|---|---|---|---|---|---|---|---|---|---|---|
| NON-FICTION | AKMAL Melaka | AKMAL Melaka | PINJAMAN | 09.05.2017 | 300663 | 306.89 RIC | 201702826 | 09.05.2017 | 09.05.2017 | Book |
